Pharmaceutics-II (Record no. 13776)

MARC details
000 -LEADER
fixed length control field 00384nam a22001697a 4500
003 - CONTROL NUMBER IDENTIFIER
control field OSt
008 - FIXED-LENGTH DATA ELEMENTS--GENERAL INFORMATION
fixed length control field 260110b |||||||| |||| 00| 0 eng d
020 ## - INTERNATIONAL STANDARD BOOK NUMBER
International Standard Book Number 9789388178907
082 ## - DEWEY DECIMAL CLASSIFICATION NUMBER
Classification number 615.4 AGP
100 ## - MAIN ENTRY--PERSONAL NAME
Personal name Agarwal, Gaurav
245 ## - TITLE STATEMENT
Title Pharmaceutics-II
250 ## - EDITION STATEMENT
Edition statement Ist
260 ## - PUBLICATION, DISTRIBUTION, ETC. (IMPRINT)
Place of publication, distribution, etc N.Delhi
Name of publisher, distributor, etc CBS Pub.
Date of publication, distribution, etc 2024
300 ## - PHYSICAL DESCRIPTION
Extent vii,304
650 ## - SUBJECT ADDED ENTRY--TOPICAL TERM
Topical term or geographic name as entry element Pharmaceutics
942 ## - ADDED ENTRY ELEMENTS (KOHA)
Source of classification or shelving scheme Dewey Decimal Classification
Koha item type Text Books
Holdings
Withdrawn status Lost status Source of classification or shelving scheme Damaged status Not for loan Collection code Home library Current library Date acquired Currency Cost, normal purchase price Bill Number Total Checkouts Full call number Acc. no. / Barcode Date last seen Actual Cost, discounted price Bill Date Koha item type
    Dewey Decimal Classification     Diploma in Pharmacy PIET C-LIBRARY PIET C-LIBRARY 08/01/2026 IN Rupees 375.00 ZBD0373   615.4 AGP DP1484 10/01/2026 243.75 04/01/2026 Reference Books
    Dewey Decimal Classification     Diploma in Pharmacy PIET C-LIBRARY PIET C-LIBRARY 08/01/2026 IN Rupees 375.00 ZBD0373   615.4 AGP DP1485 10/01/2026 243.75 04/01/2026 Text Books
    Dewey Decimal Classification     Diploma in Pharmacy PIET C-LIBRARY PIET C-LIBRARY 08/01/2026 IN Rupees 375.00 ZBD0373   615.4 AGP DP1486 10/01/2026 243.75 04/01/2026 Text Books
    Dewey Decimal Classification     Diploma in Pharmacy PIET C-LIBRARY PIET C-LIBRARY 08/01/2026 IN Rupees 375.00 ZBD0373   615.4 AGP DP1487 10/01/2026 243.75 04/01/2026 Text Books
    Dewey Decimal Classification     Diploma in Pharmacy PIET C-LIBRARY PIET C-LIBRARY 08/01/2026 IN Rupees 375.00 ZBD0373   615.4 AGP DP1488 10/01/2026 243.75 04/01/2026 Text Books

Design & Developed by: PIET Central Library
R70 Miles Stone Pattikalyana Samalkha Panipat 132102
mail ID :- [email protected], Phone No:- 0180-2569700 Ex.216